000
00303nam a22001217a 4500
020
_a
020612437
082
_2
22
_a
005.4469
100
_a
Nutt, Gary J.
245
_a
Kernel project for Linux /
260
_a
London,
_b
Addison Wesley,
_c
c2001.
300
_a
xvi, 239p. ;
_b
ill. ;
_c
23 cm.
_e
CD
942
_2
ddc
_c
IT
999
_c
2276
_d
2276